Logo BPK

Biblioteka

Politechniki Koszalińskiej

Lessing "Nathan der Weise" / (Rekord nr 50460)

Szczegóły MARC
000 -ETYKIETA REKORDU
podpole kontrolne o stałej długości 00718nam a2200229 i 4500
001 - NUMER KONTROLNY REKORDU
pole kontrolne bgj
020 ## - MIĘDZYNARODOWY ZNORMALIZOWANY NUMER KSIĄŻKI - ISBN
ISBN 3534083857
040 ## - ŹRÓDŁO KATALOGOWANIA
Instytucja, która utworzyła rekord BPK
041 0# - KOD JĘZYKA
Kod języka tekstu ger
920 ## - Międzynarodowy znormalizowany numer książki – ISBN
ISBN 3-534-08385-7
008 - POLE O STAŁEJ DŁUGOŚCI - DANE KONTROLNE
podpole kontrolne o stałej długości s gw f |000 0 ger
245 00 - TYTUŁ/ODPOWIEDZIALNOŚĆ
Tytuł Lessing "Nathan der Weise" /
Pozostałe elementy strefy tytułu i oznaczenia odpowiedzialności Herausgegeben von Klaus Bohnen.
260 ## - STREFA ADRESU WYDAWNICZEGO
Miejsce wydania Darmstadt :
Nazwa wydawcy/dystrybutora Wissenschaftliche Buchgesellschaft,
Data publikacji, dystrybucji/powstania dokumentu 1984.
300 ## - STREFA OPISU FIZYCZNEGO
Objętość VII, 491 S. ;
Rozmiary 20 cm.
490 1# - STREFA SERII I DOKUMENTU WIELOCZĘŚCIOWEGO - FORMA NIE DO WYSZUKIWANIA
Tytuł i oznaczenie odpowiedzialności serii Wege der Forschung ;
Numeracja w obrębie serii Band 587
504 ## - UWAGA DOTYCZĄCA BIBLIOGRAFII
Informacje o bibliografii Bibliographie S. [473]-483.
505 ## - SFORMALIZOWANA UWAGA DOTYCZĄCA ZAWARTOŚCI
Pełny tekst uwagi Register.
600 19 - HASŁO PRZEDMIOTOWE W FORMIE NAZWY OSOBOWEJ
Nazwa osobowa Lessing, Gotthold Ephraim, 1729-1781. Nathan der Weise
Określnik ogólny Literatur über die Werke
700 1# - HASŁO DODATKOWE - NAZWA OSOBOWA
Nazwa osobowa BOHNEN, Klaus.
Określenie związku między hasłem a opisywanym materiałem Hrsg.
830 ## - HASŁO DODATKOWE SERII LUB DOKUMENTU WIELOCZĘŚCIOWEGO - TYTUŁ UJEDNOLICONY
Tytuł ujednolicony Wege der Forschung ;
856 ## - LOKALIZACJA I DOSTĘP DO ELEKTRONICZNYCH DOKUMENTÓW ZDALNYCH
Link (URL) http://koha.tu.koszalin.pl/cgi-bin/koha/opac-detail.pl?biblionumber=50460
Tekst linku Katalog online BPK
942 ## - DODATKOWE ELEMENTY (KOHA)
Typ dokumentu Książka
Egzemplarze
Wycofany Status egzemplarza Uszkodzony Dostępność Lokalizacja stała Lokalizacja bieżąca Miejsce przechowywania Sygnatura Kod kreskowy Typ dokumentu
      Tylko na miejscu Biblioteka Politechniki Koszalińskiej Biblioteka Politechniki Koszalińskiej Czytelnia Wydziałowa ul. Kwiatkowskiego 6e N 376 09046559 Książka
© 2023 Biblioteka Politechniki Koszalińskiej :: KOHA